[Event "Bohemians-B"]
[Site "Prague"]
[Date "1990.??.??"]
[Round "?"]
[White "Danner, Georg"]
[Black "Jukic, Branimir"]
[Result "1-0"]
[WhiteElo "2330"]
[BlackElo "2355"]

1.d4 Nf6 2.c4 g6 3.Nc3 d5 4.cxd5 Nxd5 5.e4 Nxc3 6.bxc3 Bg7 7.Qa4+ Nd7 8.Bg5 h6
9.Bh4 O-O 10.Rd1 c5 11.Nf3 a6 12.Qa3 g5 13.Bg3 Qb6 14.e5 cxd4 15.cxd4 Rd8
16.Be2 Nf8 17.O-O Ng6 18.d5 Bg4 19.Rfe1 Rac8 20.h3 Bd7 21.Bd3 Qc5 22.Qb3 Nf4
23.Bxf4 gxf4 24.Re4 Qc3 25.Qxb7 e6 26.dxe6 Bxe6 27.Rd4 Rxd4 28.Nxd4 Bxa2
29.Nf5 Re8 30.Nxg7 Kxg7 31.Qe4 Qxe5 32.Qh7+ Kf8 33.Qxh6+ Ke7 34.Qxa6 Be6
35.Bc4 Kf6 36.Bxe6 fxe6 37.Qb7 Qe2 38.Rd7 Qe1+ 39.Kh2 Qxf2 40.Rf7+ Ke5 41.Qb5+ Ke4
42.Qc6+ Ke5 43.Qc7+ Ke4 44.Rg7 Qd4 45.Qc6+ Ke3 46.Rd7  1-0

[Event "Prague Metro-B"]
[Site "Prague"]
[Date "1990.??.??"]
[Round "3"]
[White "Haba, Petr"]
[Black "Pribyl, Martin"]
[Result "1-0"]
[WhiteElo "2435"]
[BlackElo "2215"]

1.d4 Nf6 2.c4 g6 3.Nc3 d5 4.cxd5 Nxd5 5.e4 Nxc3 6.bxc3 Bg7 7.Bb5+ Bd7 8.Bxd7+ Qxd7
9.Rb1 O-O 10.Ne2 c5 11.O-O cxd4 12.cxd4 Nc6 13.d5 Rfd8 14.Qb3 Na5 15.Qb4 b6
16.Bg5 f6 17.Be3 Rac8 18.Rbc1 e5 19.dxe6 Qxe6 20.Nf4 Qe5 21.Nd5 Rxc1 22.Rxc1 f5
23.Bg5 Re8 24.Ne7+ Kf7 25.exf5 gxf5 26.Re1 Qc3 27.Qb1 Bf6 28.Rc1 Qe5 29.Bxf6 Kxf6
30.Re1 Rxe7 31.Rxe5 Rxe5 32.Qa1 f4 33.Qd4 Nc6 34.Qxf4+ Ke6 35.Qh6+ Kd5 36.h4 Re7
37.Qg5+ Kd6 38.h5 Kd7 39.f4 a6 40.Qd5+ Kc7 41.f5 Nd8 42.f6 Rd7 43.Qc4+ Kb7
44.g4 h6 45.Qe4+ Kc8 46.g5 hxg5 47.h6 Nf7 48.h7 Kc7 49.Qc4+  1-0

[Event "Vysehrad"]
[Site "Prague"]
[Date "1990.??.??"]
[Round "6"]
[White "Cech, Pavel"]
[Black "Pribyl, Josef"]
[Result "0-1"]
[WhiteElo "2230"]
[BlackElo "2440"]

1.d4 Nf6 2.c4 g6 3.Nc3 d5 4.cxd5 Nxd5 5.e4 Nxc3 6.bxc3 Bg7 7.Qa4+ Qd7 8.Bb5 c6
9.Be2 O-O 10.Nf3 c5 11.Qxd7 Bxd7 12.Rb1 b6 13.Bb2 e6 14.O-O Bc6 15.Bd3 Rd8
16.Rfe1 Nd7 17.Bc2 Rac8 18.Rbd1 Bb7 19.Bb1 b5 20.Nd2 Nb6 21.Nb3 Na4 22.Ba1 cxd4
23.cxd4 Bf8 24.Rc1 Bb4 25.Rxc8 Rxc8 26.Rd1 Nc3 27.Bxc3 Rxc3 28.d5 exd5 29.exd5 Bd6
30.g3 a6 31.Kf1 Kf8 32.Ke2 Bc8 33.f3 h5 34.Rd4 Ke7 35.Re4+ Kd8 36.Rd4 Kc7
37.Rd3 Rxd3 38.Bxd3 Bb7 39.Be4 f5 40.Ke3 fxe4 41.fxe4 Be5 42.Nc5 Bc8 43.Nd3 Kd6
44.Nb4 g5 45.Nc6 Bd7 46.Nd8 Ke7 47.Nb7 h4  0-1

[Event "Vysehrad"]
[Site "Prague"]
[Date "1990.??.??"]
[Round "7"]
[White "Stettler, Michael"]
[Black "David, Pavel"]
[Result "1/2-1/2"]
[WhiteElo "2375"]
[BlackElo "2440"]

1.d4 Nf6 2.c4 g6 3.Nc3 d5 4.cxd5 Nxd5 5.e4 Nxc3 6.bxc3 Bg7 7.Bc4 c5 8.Ne2 Nc6
9.Be3 O-O 10.O-O Na5 11.Bd3 b6 12.Rc1 cxd4 13.cxd4 e6 14.Qd2 Bb7 15.Bh6 Qe7
16.Bxg7  1/2-1/2

[Event "Prague T7"]
[Site "Prague"]
[Date "1990.??.??"]
[Round "11"]
[White "Pergericht, Daniel"]
[Black "Pribyl, Josef"]
[Result "1/2-1/2"]
[WhiteElo "2280"]
[BlackElo "2440"]

1.d4 Nf6 2.c4 g6 3.Nc3 d5 4.cxd5 Nxd5 5.e4 Nxc3 6.bxc3 Bg7 7.Bc4 c5 8.Ne2 Nc6
9.Be3 O-O 10.O-O Qc7 11.Rc1 Rd8 12.Bf4 Qd7 13.d5  1/2-1/2

[Event "CRO-Cup"]
[Site "Pula"]
[Date "1990.??.??"]
[Round "?"]
[White "Lakic, Nikola"]
[Black "Jevtic, M."]
[Result "1/2-1/2"]
[WhiteElo "2285"]
[BlackElo "2325"]

1.d4 Nf6 2.c4 g6 3.Nc3 d5 4.cxd5 Nxd5 5.e4 Nxc3 6.bxc3 Bg7 7.Bc4 O-O 8.Ne2 Nc6
9.Bg5 Na5 10.Bb3 b6 11.Qd3 h6 12.Be3 e6 13.Rd1 Bb7 14.O-O c5 15.f3 Qc8 16.dxc5 Ba6
17.c4 bxc5 18.Qc2 Rd8 19.Rxd8+ Qxd8 20.Bxc5 Qc7 21.Bf2 Nxc4 22.Rc1 Rc8 23.Ng3 Qb8  1/2-1/2

[Event "Pula op"]
[Site "Pula"]
[Date "1990.??.??"]
[Round "4"]
[White "Sakhatova, Elvira"]
[Black "Fercec, Nenad"]
[Result "0-1"]
[WhiteElo "2290"]
[BlackElo "2410"]

1.d4 Nf6 2.c4 g6 3.Nc3 d5 4.cxd5 Nxd5 5.e4 Nxc3 6.bxc3 Bg7 7.Bc4 c5 8.Ne2 O-O
9.O-O Nc6 10.Be3 Bg4 11.f3 Bd7 12.Rb1 Rc8 13.dxc5 Qc7 14.f4 Na5 15.Bd3 Be6
16.Qa4 Rfd8 17.Bd4 a6 18.f5 Bd7 19.Qb4 e5 20.fxe6 Bxe6 21.Qb6 Qxb6 22.Rxb6 Bf8
23.c6 Rxc6 24.Nf4 Rxc3 25.Bxc3 Bc5+ 26.Kh1 Bxb6 27.h4 Rd7 28.Nd5 Bxd5 29.exd5 Rxd5
30.Re1 Kf8 31.Be4 Rd7 32.h5 Nc6 33.Rb1 Bd4 34.Bd2 f5 35.Bf3 Kg7 36.a4 Bf6
37.Bf4 g5 38.Be3 g4 39.Bd1 Bd4 40.Bf4 Be5 41.Bg5 h6 42.Be3 Kf6 43.Bc2 f4
44.Rf1 Kg5 45.g3 Kxh5 46.gxf4 Nd4 47.Be4 Bf6 48.Kg2 Nf3 49.Bxf3 gxf3+ 50.Kxf3 Kg6
51.Rg1+ Kf5 52.Rh1 Rd3 53.Rxh6 Ra3 54.Rh5+ Ke6 55.Rh6 Rxa4 56.Kg4 Kf7 57.Rh7+ Bg7
58.Rh5 b5 59.Rc5 Rc4 60.Rd5 Ke6 61.Rd8 b4 62.Rb8 a5 63.Rb6+ Kd5 64.Rb5+ Ke4
65.Bc5 b3 66.Ba3 a4 67.f5 Bf6 68.Kh5 Kd3 69.Kg6 Rc6 70.Kf7 Bc3  0-1

[Event "Pula op"]
[Site "Pula"]
[Date "1990.??.??"]
[Round "6"]
[White "Khenkin, Igor"]
[Black "Fercec, Nenad"]
[Result "1/2-1/2"]
[WhiteElo "2450"]
[BlackElo "2410"]

1.d4 Nf6 2.c4 g6 3.Nc3 d5 4.cxd5 Nxd5 5.e4 Nxc3 6.bxc3 Bg7 7.Be2 c5 8.Nf3 O-O
9.O-O Bg4 10.Rb1 Nc6 11.Rxb7 Bxf3 12.Bxf3 cxd4 13.cxd4 Nxd4 14.Bg5 Qa5 15.Bxe7 Rfe8
16.a3 Qa6 17.Qb1 Qe6 18.Bh4 Qa6 19.Be7 Qe6 20.Bg5 Qa6 21.Be7 Qe6 22.Bg5 Qa6
23.Bc1 Rac8 24.h3 h5 25.Re1 Be5 26.Be3  1/2-1/2

[Event "Reykjavik op"]
[Site "Reykjavik"]
[Date "1990.??.??"]
[Round "5"]
[White "Browne, Walter S"]
[Black "Ernst, Thomas"]
[Result "0-1"]
[WhiteElo "2560"]
[BlackElo "2440"]

1.d4 Nf6 2.c4 g6 3.Nc3 d5 4.cxd5 Nxd5 5.e4 Nxc3 6.bxc3 Bg7 7.Bc4 c5 8.Ne2 Nc6
9.Be3 O-O 10.O-O Bg4 11.f3 Na5 12.Bd3 cxd4 13.cxd4 Be6 14.Qa4 a6 15.d5 b5
16.Qb4 Bxa1 17.Rxa1 Bd7 18.Qd4 f6 19.e5 fxe5 20.Qxe5 Qb8 21.Qxe7 Re8 22.Qc5 Nb7
23.Qc1 Nd6 24.Ng3 Bf5 25.Qd2 Bxd3 26.Qxd3 Qd8 27.Bc5 Nb7 28.Bf2 Nd6 29.Bc5 Nb7
30.Be3 Nd6 31.Rd1 Rc8 32.Bf4 Qb6+ 33.Kf1 Rc4 34.Qd2 Qc5 35.Bxd6 Qxd6 36.Ne4 Rcxe4
37.fxe4 Qxh2 38.Qg5 Rxe4 39.Qd8+ Kf7 40.Qd7+ Re7 41.Qg4 Kg7 42.Qh3 Rf7+ 43.Ke2 Qe5+
44.Qe3 Qh5+ 45.Kd2 Qxd5+ 46.Kc1 Qf5 47.Qc3+ Qf6 48.Rd4 h5 49.g3 Qe5 50.Kb2 Kh7
51.a3 Qg7 52.g4 Rc7  0-1

[Event "Reykjavik op"]
[Site "Reykjavik"]
[Date "1990.??.??"]
[Round "8"]
[White "Wessman, Richard"]
[Black "Einarsson, Halldor"]
[Result "1/2-1/2"]
[WhiteElo "2505"]
[BlackElo "2280"]

1.d4 Nf6 2.c4 g6 3.Nc3 d5 4.cxd5 Nxd5 5.e4 Nxc3 6.bxc3 Bg7 7.Bc4 c5 8.Ne2 Nc6
9.Be3 O-O 10.O-O Bg4 11.f3 Na5 12.Bd3 cxd4 13.cxd4 Be6 14.Rc1 Bxa2 15.Qa4 Bb3
16.Qb4 Qb6 17.Qxe7 Nc6 18.Qc5 Qxc5 19.Rxc5 Rfd8 20.d5 Ne5 21.Rc3 Ba4 22.Nd4 Nxd3
23.Rxd3 Rac8 24.Rb1 b5 25.Rd2 Rc3 26.Kf2 a6 27.Nc6 Re8 28.g4 f5 29.gxf5 gxf5
30.Rg1 fxe4 31.fxe4 b4 32.Nxb4 Rxe4 33.Rxg7+ Kxg7 34.Bd4+ Rxd4 35.Rxd4 a5
36.Nd3 Kf6 37.Rxa4 Rxd3 38.Rxa5 Ke5 39.Ra7 Rxd5 40.Rxh7 Kf6  1/2-1/2

[Event "Rome op"]
[Site "Rome"]
[Date "1990.??.??"]
[Round "3"]
[White "Gervasi, Giancarlo"]
[Black "Doncevic, Dario"]
[Result "0-1"]
[WhiteElo "2350"]
[BlackElo "2335"]

1.d4 Nf6 2.c4 g6 3.Nc3 d5 4.cxd5 Nxd5 5.e4 Nxc3 6.bxc3 Bg7 7.Bc4 O-O 8.Ne2 Nc6
9.O-O b6 10.Be3 Bb7 11.Bb5 Na5 12.f3 e6 13.Qd2 Qe7 14.Bh6 c5 15.Bxg7 Kxg7
16.e5 Rfd8 17.Qf4 Rac8 18.Rfd1 a6 19.Bd3 Rd7 20.h4 Rcd8 21.Rd2 cxd4 22.cxd4 Nc6
23.Be4 f5 24.exf6+ Qxf6 25.Bxc6 Bxc6 26.Rb1 b5 27.Qxf6+ Kxf6 28.Kf2 Bd5 29.Nc3 Bc4
30.Ke3 e5 31.Ne4+ Ke7 32.dxe5 Rxd2 33.Nxd2 Rd3+ 34.Ke2 Rb3+ 35.Kf2 Rxb1 36.Nxb1 Bxa2
37.Nc3 Bc4 38.Ke3 Ke6 39.Kd4 a5 40.f4 Bf1 41.Nd5 a4 42.Ne3 a3 43.g4 a2 44.f5+ gxf5
45.gxf5+ Kf7 46.Nc2 Bh3 47.Ke4 b4 48.Na1 Bg4 49.f6 Be6 50.Kd4 Kg6  0-1

[Event "Salamanca"]
[Site "Salamanca"]
[Date "1990.??.??"]
[Round "4"]
[White "Rodriguez Vargas, Orestes"]
[Black "De la Villa Garcia, Jesus Maria"]
[Result "1-0"]
[WhiteElo "2500"]
[BlackElo "2450"]

1.d4 Nf6 2.c4 g6 3.Nc3 d5 4.cxd5 Nxd5 5.e4 Nxc3 6.bxc3 Bg7 7.Bc4 c5 8.Ne2 Nc6
9.Be3 cxd4 10.cxd4 Qa5+ 11.Bd2 Qa3 12.Bc3 O-O 13.Qd2 Rd8 14.Rd1 Ne5 15.Bb5 a6
16.Bb4 Nf3+ 17.gxf3 Qxf3 18.Qf4 Qxh1+ 19.Kd2 Bxd4 20.Rxh1 Be5+ 21.Bd3 Bxf4+
22.Nxf4 e6 23.Be7 Re8 24.Bf6 Bd7 25.h4 b5 26.Bb1 e5 27.Nd5 Re6 28.Ke3 Rb8
29.f4 exf4+ 30.Kxf4 Bc6 31.Be5 Rbe8 32.Nf6+ Rxf6+ 33.Bxf6 Re6 34.Bc3 f5 35.exf5  1-0

[Event "Wch U20"]
[Site "Santiago"]
[Date "1990.??.??"]
[Round "7"]
[White "Shirov, Alexei"]
[Black "Gurevich, Ilya"]
[Result "0-1"]
[WhiteElo "2500"]
[BlackElo "2410"]

1.d4 Nf6 2.c4 g6 3.Nc3 d5 4.cxd5 Nxd5 5.e4 Nxc3 6.bxc3 Bg7 7.Bc4 c5 8.Ne2 Nc6
9.Be3 O-O 10.Rc1 cxd4 11.cxd4 Qa5+ 12.Kf1 Bd7 13.h4 Rfc8 14.h5 Nd8 15.f3 Bb5
16.Bxb5 Qxb5 17.Kf2 Rxc1 18.Qxc1 Nc6 19.Qb1 Qa6 20.hxg6 hxg6 21.e5 Rd8 22.Qe4 Qxa2
23.Qh4 Kf8 24.Rd1 Nxe5 25.Qh7 g5 26.Rd2 Qa5 27.Ng3 Qb6 28.Nf5 Qg6 29.Qxg7+ Qxg7
30.Nxg7 Nc4 31.Nf5 Nxd2 32.Bxd2 f6 33.Ke3 Kf7 34.Bb4 Rd5 35.g4 Rb5 36.Bc3 a5
37.Kd3 a4 38.d5 Rxd5+ 39.Kc4 Rd1 40.Bb4 Rf1 41.Kb5 Rxf3 42.Kxa4 e6 43.Nd6+ Kg6
44.Nxb7 Rf4 45.Nc5 e5 46.Kb3 Rxg4 47.Ba5 Rd4 48.Bc3 Rd8 49.Kc2 g4  0-1

[Event "URS Army-chT"]
[Site "Simferopol"]
[Date "1990.??.??"]
[Round "?"]
[White "Vidoniak, Roman"]
[Black "Karasev, Vladimir I"]
[Result "0-1"]
[WhiteElo "2280"]
[BlackElo "2375"]

1.d4 Nf6 2.c4 g6 3.Nc3 d5 4.cxd5 Nxd5 5.e4 Nxc3 6.bxc3 Bg7 7.Nf3 O-O 8.Be2 c5
9.Rb1 cxd4 10.cxd4 Qa5+ 11.Bd2 Qxa2 12.O-O Nd7 13.Bb4 Nb6 14.Ne5 f6 15.Nc4 Nxc4
16.Ra1 Ne3 17.Rxa2 Nxd1 18.Bc4+ Kh8 19.Rxd1 Bd7 20.Bxe7 Rfe8 21.Bc5 b6 22.Bd6 a5
23.Rb2 Rac8 24.Ba6 Rc6 25.e5 fxe5 26.dxe5 Rxd6 27.Rxd6 Bxe5 28.Rxd7 Bxb2
29.g3 a4 30.Rb7 a3 31.Bc4 Rc8 32.Be6 Rc6 33.Bb3 Bd4 34.g4 h6 35.h4 Rc3 36.Be6 Rc2
37.Rf7 Bc5  0-1

[Event "Wch U16"]
[Site "Singapore"]
[Date "1990.??.??"]
[Round "?"]
[White "Barkhagen, Jonas"]
[Black "Marcus, Joost"]
[Result "1/2-1/2"]
[WhiteElo "2235"]
[BlackElo "2300"]

1.d4 Nf6 2.c4 g6 3.Nc3 d5 4.cxd5 Nxd5 5.e4 Nxc3 6.bxc3 Bg7 7.Bc4 c5 8.Ne2 Nc6
9.Be3 O-O 10.O-O Bg4 11.f3 Na5 12.Bd3 cxd4 13.cxd4 Be6 14.Rc1 Bxa2 15.Qa4 Be6
16.d5 Bd7 17.Qb4 e6 18.Nc3 exd5 19.Nxd5 Be6 20.Rfd1 Bxd5 21.exd5 Qxd5 22.Bc4 Qe5
23.Bd4 Qxd4+ 24.Rxd4 Bxd4+ 25.Kf1 Nxc4 26.Rxc4 Bb6 27.g4 Rad8 28.h4 Rd1+
29.Kg2 Rfd8 30.h5 R1d2+ 31.Kh3 R2d3 32.Rc3 R3d5 33.h6 Ba5 34.Qb2 Bxc3 35.Qxc3 Rd4
36.Qc7 R4d7 37.Qe5 f6 38.Qxf6 Rf8 39.Qe6+ Rdf7 40.f4 Rd8 41.f5 gxf5 42.gxf5 Kf8
43.Qe5 Kg8 44.Qg3+ Kf8 45.Qe5 Kg8  1/2-1/2

[Event "Sochi"]
[Site "Sochi"]
[Date "1990.??.??"]
[Round "?"]
[White "Douven, Rudy C"]
[Black "Beshukov, Sergei"]
[Result "1-0"]
[WhiteElo "2410"]
[BlackElo "2335"]

1.d4 Nf6 2.c4 g6 3.Nc3 d5 4.cxd5 Nxd5 5.e4 Nxc3 6.bxc3 Bg7 7.Bc4 c5 8.Ne2 O-O
9.O-O Nc6 10.Be3 Qc7 11.Rc1 Rd8 12.Nf4 e6 13.d5 Na5 14.Qe2 Qe5 15.dxe6 fxe6
16.Rfd1 Rf8 17.Nh3 Qxe4 18.Bd3 Qc6 19.Ng5 c4 20.Be4 Qb5 21.Qg4 h5 22.Qh4 Qe8
23.Nh7  1-0

[Event "BUL-FRA m"]
[Site "Sofia"]
[Date "1990.??.??"]
[Round "4"]
[White "Semkov, Semko"]
[Black "Chabanon, Jean Luc"]
[Result "1/2-1/2"]
[WhiteElo "2450"]
[BlackElo "2390"]

1.d4 Nf6 2.c4 g6 3.Nc3 d5 4.cxd5 Nxd5 5.e4 Nxc3 6.bxc3 Bg7 7.Qa4+ Qd7 8.Qa3 O-O
9.Nf3 b6 10.Be3 c5 11.Rd1 cxd4 12.cxd4 Bb7 13.Bd3 Nc6 14.d5 Ne5 15.Nxe5 Bxe5
16.f4 Bg7 17.O-O Rfc8 18.Rc1 Rxc1 19.Rxc1 Rc8 20.Qxa7 Rxc1+ 21.Bxc1 Bd4+
22.Kf1 f5 23.Qa3 fxe4 24.Bxe4 Bxd5  1/2-1/2

[Event "St Ingbert op"]
[Site "St Ingbert"]
[Date "1990.??.??"]
[Round "8"]
[White "Maksimovic, Suzana"]
[Black "Lee, Peter N"]
[Result "1-0"]
[WhiteElo "2280"]
[BlackElo "2390"]

1.d4 Nf6 2.c4 g6 3.Nc3 d5 4.cxd5 Nxd5 5.e4 Nxc3 6.bxc3 Bg7 7.Be3 c5 8.Bc4 Nc6
9.Ne2 O-O 10.Rc1 Qc7 11.O-O Rd8 12.Qd2 Qa5 13.Qb2 a6 14.Rfd1 Bd7 15.Qxb7 cxd4
16.cxd4 Nb4 17.a3 Nc6 18.Bf4 Qxa3 19.Bd5 Qa5  1-0

[Event "Stara Zagora zt-B"]
[Site "Stara Zagora"]
[Date "1990.??.??"]
[Round "11"]
[White "Ionescu, Constantin"]
[Black "Stohl, Igor"]
[Result "1/2-1/2"]
[WhiteElo "2455"]
[BlackElo "2530"]

1.d4 Nf6 2.c4 g6 3.Nc3 d5 4.cxd5 Nxd5 5.e4 Nxc3 6.bxc3 Bg7 7.Bc4 O-O 8.Ne2 Nc6
9.Be3 e5 10.Rc1 Qe7 11.Bd3 b6 12.O-O exd4 13.cxd4 Bb7 14.Qa4 Na5 15.d5 c6
16.dxc6 Nxc6 17.Rxc6 Qd7 18.Nd4 Rfd8 19.Bb5 a6 20.Qc2 axb5 21.Rc7 Qe8 22.Rxb7 Bxd4
23.Bxd4 Rxd4 24.Rxb6 Qxe4  1/2-1/2

[Event "Rilton Cup"]
[Site "Stockholm"]
[Date "1990.??.??"]
[Round "6"]
[White "Vyzmanavin, Alexey"]
[Black "Ernst, Thomas"]
[Result "1-0"]
[WhiteElo "2585"]
[BlackElo "2480"]

1.d4 Nf6 2.c4 g6 3.Nc3 d5 4.cxd5 Nxd5 5.e4 Nxc3 6.bxc3 Bg7 7.Bc4 c5 8.Ne2 Nc6
9.Be3 O-O 10.O-O Bg4 11.f3 Na5 12.Bxf7+ Rxf7 13.fxg4 Rxf1+ 14.Kxf1 Qd6 15.e5 Qd5
16.Bf2 Rd8 17.Qc2 Qc4 18.Qb2 Bh6 19.h4 Qf7 20.g5 Nc4 21.e6 Qf5 22.Ng3 Qxe6
23.Qxb7 Rf8 24.Re1 Ne3+ 25.Kg1 Rxf2 26.gxh6 cxd4 27.cxd4 Rf8 28.Qb2 Nc4 29.Rxe6  1-0

[Event "Ticino op"]
[Site "Ticino"]
[Date "1990.??.??"]
[Round "?"]
[White "Chiong, Luiz"]
[Black "Sanchez Almeyra, Jorge"]
[Result "0-1"]
[WhiteElo "2380"]
[BlackElo "2380"]

1.d4 Nf6 2.c4 g6 3.Nc3 d5 4.cxd5 Nxd5 5.e4 Nxc3 6.bxc3 Bg7 7.Nf3 c5 8.Rb1 O-O
9.Be2 Nc6 10.d5 Bxc3+ 11.Bd2 Bxd2+ 12.Qxd2 Na5 13.h4 Bg4 14.h5 Bxf3 15.gxf3 e5
16.Qc3 f6 17.hxg6 hxg6 18.f4 Kg7 19.fxe5 b6 20.e6 Qd6 21.Qxa5 bxa5 22.Rb7+ Kg8
23.Rhh7 Rfe8 24.Rbg7+ Kf8 25.Rf7+ Kg8 26.Rfg7+ Kf8 27.Rxg6 Rxe6 28.dxe6 Qxe6
29.Bh5 Qxe4+ 30.Kf1 Qh1+ 31.Ke2 Re8+ 32.Kd3 Qe4+ 33.Kc3 Qd4+ 34.Kc2 Qxf2+  0-1

[Event "Toulouse op"]
[Site "Toulouse"]
[Date "1990.??.??"]
[Round "2"]
[White "Pytel, Bozena"]
[Black "Spiridonov, Nikola"]
[Result "0-1"]
[WhiteElo "2085"]
[BlackElo "2405"]

1.d4 Nf6 2.c4 g6 3.Nc3 d5 4.cxd5 Nxd5 5.e4 Nxc3 6.bxc3 Bg7 7.Nf3 c5 8.Be3 O-O
9.Rb1 Nd7 10.Bd3 cxd4 11.cxd4 Nf6 12.O-O b6 13.Qe2 Bb7 14.Nd2 e6 15.f3 Rc8
16.Rfc1 Qe7 17.Ba6 Rxc1+ 18.Rxc1 Qa3 19.Bxb7 Qxc1+ 20.Nf1 Qc7 21.Ba6 Rd8
22.Qb2 Nd7 23.e5 Nb8 24.Bb5 a6 25.Be2 Rc8 26.Bd2 b5 27.a4 bxa4 28.Bd3 Nc6
29.f4 Bf8 30.Qa2 a3 31.d5 Qb6+ 32.Be3 Bc5  0-1

[Event "USA op"]
[Site "USA"]
[Date "1990.??.??"]
[Round "?"]
[White "Bonin, Jay R"]
[Black "Colias, Billy"]
[Result "1-0"]
[WhiteElo "2385"]
[BlackElo "2290"]

1.d4 Nf6 2.c4 g6 3.Nc3 d5 4.cxd5 Nxd5 5.e4 Nxc3 6.bxc3 Bg7 7.Nf3 c5 8.Bb5+ Nc6
9.O-O O-O 10.Bxc6 bxc6 11.Ba3 cxd4 12.Nxd4 Qc7 13.Qa4 Bb7 14.Bc5 Be5 15.h3 Bh2+
16.Kh1 Bd6 17.Nb3 Bc8 18.Rad1 Be6 19.Bxd6 Bxb3 20.axb3 exd6 21.f4 Rab8 22.Qc4 Rb5
23.f5 Re5 24.fxg6 hxg6 25.Rf6 Kg7 26.Rfxd6 Qe7 27.Rd7 Qe8 28.Qxc6 Rxe4 29.Rf1 Kg8
30.Qc7 Re3 31.Rd4 Qb5 32.Qc4 Qb7 33.Rh4 Rd8 34.Rxf7 Qxf7 35.Rh8+ Kxh8 36.Qxf7 Rdd3
37.c4 Rxb3 38.Qxg6 Rec3 39.Kh2 a5 40.c5 a4 41.c6 a3 42.c7 a2 43.Qe8+ Kg7
44.Qa4 Rxc7 45.Qxb3 a1=Q 46.Qg3+ Kh8 47.Qxc7 Qd4 48.Qc8+ Kh7 49.Qf5+ Kh6
50.Qg4 Qe5+ 51.Qg3 Qe4 52.h4 Kh5 53.Qg5+  1-0

[Event "USA op"]
[Site "USA"]
[Date "1990.??.??"]
[Round "?"]
[White "Schussler, Harry"]
[Black "Kudrin, Sergey"]
[Result "1/2-1/2"]
[WhiteElo "2490"]
[BlackElo "2565"]

1.d4 Nf6 2.c4 g6 3.Nc3 d5 4.cxd5 Nxd5 5.e4 Nxc3 6.bxc3 Bg7 7.Bc4 O-O 8.Be3 c5
9.Ne2 Nc6 10.O-O Bg4 11.f3 Na5 12.Bxf7+ Rxf7 13.fxg4 Rxf1+ 14.Kxf1 cxd4 15.cxd4 e5
16.Rc1 Qd7 17.dxe5 Qxd1+ 18.Rxd1 Nc4 19.Bf2 Bxe5 20.Rd7 b6 21.Bd4 Bxd4 22.Nxd4 Nd2+
23.Ke2 Nxe4 24.Nc6 a5 25.Rb7 Nc3+ 26.Kd2 Nxa2 27.Rxb6 Nb4 28.Nxb4 axb4 29.Rxb4 Ra2+
30.Ke3 Rxg2  1/2-1/2

[Event "Vienna op"]
[Site "Vienna"]
[Date "1990.??.??"]
[Round "7"]
[White "Ftacnik, Lubomir"]
[Black "Krasenkow, Michal"]
[Result "1/2-1/2"]
[WhiteElo "2550"]
[BlackElo "2535"]

1.d4 Nf6 2.c4 g6 3.Nc3 d5 4.cxd5 Nxd5 5.e4 Nxc3 6.bxc3 Bg7 7.Bb5+ c6 8.Ba4 b5
9.Bc2 b4 10.Bb2 bxc3 11.Bxc3 c5 12.Ne2 cxd4 13.Ba4+ Bd7 14.Bxd7+ Nxd7 15.Bxd4 Qa5+
16.Qd2 Qxd2+ 17.Kxd2 O-O 18.Rhd1 Ne5 19.Rab1 Rab8 20.Rxb8 Rxb8 21.Bxa7 Ra8
22.Bd4  1/2-1/2

[Event "Voskresensk"]
[Site "Voskresensk"]
[Date "1990.??.??"]
[Round "?"]
[White "Naumkin, Igor"]
[Black "Miralles, Gilles"]
[Result "1-0"]
[WhiteElo "2455"]
[BlackElo "2460"]

1.d4 Nf6 2.c4 g6 3.Nc3 d5 4.cxd5 Nxd5 5.e4 Nxc3 6.bxc3 Bg7 7.Bc4 c5 8.Ne2 Nc6
9.Be3 O-O 10.O-O Bg4 11.f3 Na5 12.Bxf7+ Rxf7 13.fxg4 Rxf1+ 14.Kxf1 cxd4 15.cxd4 e5
16.d5 Nc4 17.Bf2 Qf6 18.Kg1 Rf8 19.Bc5 Rc8 20.Bf2 Rf8 21.Qe1 Bh6 22.Ng3 Qa6
23.Kh1 Qa4 24.Qe2 Bg5 25.Nf1 b6 26.h4 Be7 27.g5 Bc5 28.Bg3 Nd6 29.Nd2 Bd4
30.Rc1 Qxa2 31.Rc6 Rd8 32.Kh2 a5 33.h5 Qa1 34.Nf3 gxh5 35.Nxd4 Qxd4 36.Qxh5 Ne8
37.g6  1-0

[Event "Voskresensk"]
[Site "Voskresensk"]
[Date "1990.??.??"]
[Round "?"]
[White "Naumkin, Igor"]
[Black "Khenkin, Igor"]
[Result "1/2-1/2"]
[WhiteElo "2455"]
[BlackElo "2450"]

1.d4 Nf6 2.c4 g6 3.Nc3 d5 4.cxd5 Nxd5 5.e4 Nxc3 6.bxc3 Bg7 7.Bc4 c5 8.Ne2 Nc6
9.Be3 O-O 10.O-O Bg4 11.f3 Na5 12.Bd3 cxd4 13.cxd4 Be6 14.Rc1 Bxa2 15.Qa4 Be6
16.d5 Bd7 17.Qb4 e6 18.Nc3 exd5 19.exd5 Re8 20.Bf2 Bf8 21.d6 Bc6 22.Ne4 Bxe4
23.Bxe4 Bxd6 24.Qb5 Re5 25.Qa4 Qe7 26.Bg3 Rc5 27.Rxc5 Bxc5+ 28.Kh1 Nc6 29.Bxc6 bxc6
30.Qxc6 Re8 31.h3 Bb4 32.f4 Qe6 33.Qa4 a5 34.f5 gxf5 35.Qb5 Rc8 36.Rxf5 h6
37.Kh2 Rc2  1/2-1/2

[Event "Voskresensk"]
[Site "Voskresensk"]
[Date "1990.??.??"]
[Round "?"]
[White "Khenkin, Igor"]
[Black "Neverov, Valeriy"]
[Result "1-0"]
[WhiteElo "2450"]
[BlackElo "2505"]

1.d4 Nf6 2.c4 g6 3.Nc3 d5 4.cxd5 Nxd5 5.e4 Nxc3 6.bxc3 Bg7 7.Bb5+ Bd7 8.Be2 c5
9.Nf3 O-O 10.O-O Nc6 11.h3 Qc7 12.Bg5 Rfd8 13.Rc1 Be8 14.Qd2 Na5 15.Qe3 b5
16.Rfd1 cxd4 17.cxd4 Nc4 18.Bxc4 bxc4 19.Qa3 Rd7 20.d5 Rc8 21.Bxe7 c3 22.d6 Qc5
23.Qb3 Qc4 24.e5 Qxb3 25.axb3 Rc5 26.b4 Rxe5 27.Nxe5 Bxe5 28.Rd5 Bg7 29.Rc5 f5
30.Re1 Kf7 31.Rc8 Rb7 32.Bg5 Ba4 33.Rc7+  1-0

[Event "Voskresensk"]
[Site "Voskresensk"]
[Date "1990.??.??"]
[Round "?"]
[White "Khenkin, Igor"]
[Black "Miralles, Gilles"]
[Result "1/2-1/2"]
[WhiteElo "2450"]
[BlackElo "2460"]

1.d4 Nf6 2.c4 g6 3.Nc3 d5 4.cxd5 Nxd5 5.e4 Nxc3 6.bxc3 Bg7 7.Nf3 c5 8.Rb1 O-O
9.Be2 b6 10.O-O Bb7 11.Qd3 Ba6 12.Qe3 cxd4 13.cxd4 Qd7 14.d5 Qa4 15.Bxa6 Nxa6
16.Ba3 Nc5 17.e5 Rac8 18.Rfd1 Rfd8 19.h4 h6 20.Rd4 Qc2 21.Rb2 Qf5 22.Rbd2 e6
23.d6 Qb1+ 24.Kh2 Qb5 25.Rb2 Qd7 26.Rc2 Na6 27.Rxc8 Rxc8 28.h5 g5 29.Ne1 Qb5
30.Nd3 Nb8 31.Bb2 Nd7 32.f4 Rc2 33.Qe4  1/2-1/2

[Event "Vrnjacka Banja"]
[Site "Vrnjacka Banja"]
[Date "1990.??.??"]
[Round "3"]
[White "Ristic, Nenad"]
[Black "Sokolov, Ivan"]
[Result "1/2-1/2"]
[WhiteElo "2415"]
[BlackElo "2550"]

1.d4 Nf6 2.c4 g6 3.Nc3 d5 4.cxd5 Nxd5 5.e4 Nxc3 6.bxc3 Bg7 7.Nf3 c5 8.Bb5+ Nc6
9.O-O cxd4 10.cxd4 O-O 11.Be3 Bg4 12.Bxc6 bxc6 13.Rc1 Rc8 14.Rc5 Qd6 15.Qa4 Bxf3
16.gxf3 Qe6 17.Kg2 f5 18.Qc4 Qxc4 19.Rxc4 f4 20.Bd2 Rb8 21.Bc3 Rfc8 22.Rc1 Kf7
23.h4 Bf6 24.Kh3 Ke8 25.e5 Bg7 26.Bd2 Rb2 27.R1c2 Rxc2 28.Rxc2 Rd8 29.Bc3 Kd7
30.Kg4 Bh6 31.Bb4 Rb8 32.a3 Rb5 33.e6+ Kxe6 34.Re2+ Kf6 35.Bxe7+ Kf7 36.Bc5 Rb7
37.Re4 Rd7 38.a4  1/2-1/2

[Event "Vrnjacka Banja"]
[Site "Vrnjacka Banja"]
[Date "1990.??.??"]
[Round "13"]
[White "Timoshenko, Georgy"]
[Black "Conquest, Stuart"]
[Result "0-1"]
[WhiteElo "2540"]
[BlackElo "2465"]

1.d4 Nf6 2.c4 g6 3.Nc3 d5 4.cxd5 Nxd5 5.e4 Nxc3 6.bxc3 Bg7 7.Bc4 c5 8.Ne2 O-O
9.O-O Nc6 10.Be3 Qc7 11.Rc1 b6 12.Qd2 Bb7 13.Bh6 Rad8 14.Rfd1 a6 15.Bxg7 Kxg7
16.Qe3 b5 17.Bb3 c4 18.Bc2 e6 19.Nf4 e5 20.Nd5 Qb8 21.h4 h5 22.f4 exd4 23.cxd4 f5
24.Qg3 Bc8 25.Rf1 Be6 26.exf5 Bxf5 27.Bxf5 Rxf5 28.Ne3 Rf6 29.d5 Nb4 30.Qg5 Qa7
31.f5 Nxd5 32.Rce1 Re8 33.Rf3 Nxe3 34.Rexe3 Rxf5 35.Rxf5 Qxe3+ 36.Qxe3 Rxe3
37.Rc5 Ra3 38.Rc7+ Kh6 39.Kh2 Rxa2 40.Kg3 a5 41.Rc5 Rb2 42.Kf3 a4  0-1

[Event "Warsaw"]
[Site "Warsaw"]
[Date "1990.??.??"]
[Round "2"]
[White "Hansen, Lars Bo"]
[Black "Jasnikowski, Zbigniew"]
[Result "1-0"]
[WhiteElo "2460"]
[BlackElo "2445"]

1.d4 Nf6 2.c4 g6 3.Nc3 d5 4.cxd5 Nxd5 5.e4 Nxc3 6.bxc3 Bg7 7.Bc4 c5 8.Ne2 O-O
9.Be3 Nc6 10.O-O Bg4 11.f3 Na5 12.Bxf7+ Rxf7 13.fxg4 Rxf1+ 14.Kxf1 Qd6 15.e5 Qd5
16.Bf2 Rd8 17.Qc2 Qc4 18.Qb2 Rf8 19.Kg1 Bh6 20.Rd1 Qe6 21.h3 Nc4 22.Qxb7 Be3
23.Bxe3 Nxe3 24.Rd3 Qf7 25.Qf3 Qxf3 26.gxf3 Rxf3 27.dxc5 Rf1+ 28.Kh2 Rf2+
29.Kg3 Rxe2 30.Kf3 Rxa2 31.Kxe3 Kf7 32.Rd4 Ra6 33.Rc4 Ke8 34.g5 Kd7 35.Rh4 Re6
36.Kd4 a5 37.Rxh7 a4 38.Rf7 a3 39.Rf2 Ra6 40.Ra2 Ra4+ 41.Kd3 Kc6 42.Kc2 Kxc5
43.Kb3 Re4 44.Rxa3 Kb5 45.Ra8 Rxe5 46.h4 Re4 47.Rg8 Rxh4 48.Rxg6 Rg4 49.Rg8 Kc6
50.g6 Kd7 51.c4 Rg3+ 52.Kb4 Rg1 53.c5 Rb1+ 54.Kc4 Rc1+ 55.Kd4 Rd1+ 56.Ke3 Ke6
57.c6 Rc1 58.Rf8  1-0

[Event "Wuppertal (Women)"]
[Site "Wuppertal"]
[Date "1990.??.??"]
[Round "2"]
[White "Fischdick, Gisela"]
[Black "Richtrova, Eliska"]
[Result "0-1"]
[WhiteElo "2285"]
[BlackElo "2355"]

1.d4 Nf6 2.c4 g6 3.Nc3 d5 4.cxd5 Nxd5 5.e4 Nxc3 6.bxc3 Bg7 7.Nf3 O-O 8.Be2 c5
9.Be3 Nc6 10.O-O cxd4 11.cxd4 Bg4 12.Rb1 b6 13.d5 Ne5 14.Nd4 Bxe2 15.Qxe2 Qd7
16.h3 Rac8 17.Rfc1 Qa4 18.f4 Nc4 19.Nc6 Rxc6 20.dxc6 Nxe3 21.c7 Bd4 22.Kh2 Rc8
23.Rb3 Qd7 24.Rd3 Kg7 25.g3 Qa4 26.Qd2 Rxc7 27.Rxd4 Rxc1 28.Qxe3 Qxa2+ 29.Rd2 Rc2
30.Qd4+ f6 31.Rxc2 Qxc2+ 32.Kh1 Qc5 33.Qd7 b5 34.h4 b4 35.Qe6 Qd6 36.Qc4 a5
37.h5 Qd1+ 38.Kg2 Qxh5 39.Qe6 Qc5 40.e5 fxe5 41.fxe5 a4 42.Qd7 b3 43.e6 b2
44.Qd3 a3  0-1